000
00313nam a2200097Ia 4500
008
171204s9999 xx 000 0 und d
245
_a
Strategic Innovative Marketing: 4th IC-SIM, Mykonos, Greece 2015:
260
_c
2016
650
_x
PRINCIPLES OF MARKETING
856
_u
http://down.ebook777.com/049/3319338633.pdf
999
_c
345758
_d
345758